| 000 | 01942cam a2200289 4500 | ||
|---|---|---|---|
| 001 | ##L130148 | ||
| 002 | ##8828 | ||
| 008 | 050628n2005 000 0 eng u | ||
| 020 | _a0418826404 | ||
| 035 | _a(Sirsi) u130148 | ||
| 041 | 0 | _aeng | |
| 050 | 0 | 4 | _a692.8 $2 18 |
| 110 | 2 |
_aJoint Contracts Tribunal _93664 |
|
| 240 | 0 | 0 | _aFA/G 05 |
| 245 | 0 | 0 |
_aFA/G _bFramework Agreement Guide 2005 |
| 260 |
_aLondon _bThompson Sweet and Maxwell _c2005 |
||
| 300 |
_aii, 14p. _c30cm. |
||
| 350 | _a15.95 | ||
| 505 | 2 | _aThe JCT Framework Agreement -- The role of the framework agreement -- The framework objectives -- Performance monitoring and appraisal -- The framework objectives -- Performance monitoring and appraisal -- The framework term -- Public sector considerations -- Legal status of framwork agreement -- Contracts (Rights of Third Parties) Act 1999 -- Applicable law and jurisdiction -- Organisational structures and decision making -- Collaborative Working -- The service provider's supply chain -- Sharing of information an know-how -- Communications protocol -- Confidentiality -- Risk assessment and risk allocation -- Health and safety -- Sustainable development and environmental considerations -- Value engineering -- Change control procedures -- Early warning -- Team approach to problem solving -- Performance indicators -- Termination -- Settlement of disputes -- Mode of execution -- Filling in the framework particulars | |
| 520 | _aProvides a guide to both the JCT Framework Agreement (2005 Edition) and the JCT Framework Agreement Non-Binding (2005 Edition). | ||
| 650 | 2 | 4 | _aCONTRACTS (RIGHTS OF THIRD PARTIES) ACT 1999 |
| 650 | 2 | 4 | _aJCT FRAMEWORK AGREEMENT (2005 EDITION) |
| 650 | 2 | 4 | _aJCT FRAMEWORK AGREEMENT NON-BINDING (2005 EDITION) |
| 651 | 4 |
_aUnited Kingdom _y |
|
| 690 | _aBUILT ENVIRONMENT-BUILDING CONTRACT FORMS-STANDARD FORMS OF BUILDING CONTRACT-JOINT CONTRACTS TRIBUNAL CONTRACTS | ||
| 942 | _n0 | ||
| 999 |
_c104368 _d104368 |
||